| 000 | 00849nam a22001577a 4500 | ||
|---|---|---|---|
| 003 | OSt | ||
| 005 | 20151008140321.0 | ||
| 008 | 151008b xxu||||| |||| 00| 0 eng d | ||
| 040 | _cRUA | ||
| 082 | _aAVM PHA 2007 B080 Or.1 | ||
| 100 |
_92358 _aPHAY, THIRITH. |
||
| 245 | _aThe effect of using coconut in feed ingredient on growth rate of squail at at animal experimental station of the royal university of agriculture, ឥទ្ថិពលនៃការប្រើប្រាស់កាកដូងជាចំណីផ្សំទៅលើការលូតលាស់របស់ត្រកួន នៅស្ថានីយ៏ពិសោធន៏សត្វនៃសាកលវិទ្យាល័យភូមិន្ទកសិកម្ម | ||
| 260 |
_aPhnom Penh _bRUA _c2007 |
||
| 300 |
_ax; 40p. _bill. _c29cm. |
||
| 942 |
_2ddc _cAVM |
||
| 999 |
_c2220 _d2220 |
||